Communes de l'Hérault (34) de plus de 10000 habitants - Statistiques

Statistiques générales
  • Ce quiz a été pris 140 fois
  • Le résultat moyen est 8 sur 14
Statistiques - réponses
Habitants Commune % Correct
307101 (préfecture) Montpellier
100%
80815 Béziers
93%
45090 Sète
88%
29612 Agde
81%
23788 Frontignan
71%
26380 Lunel
61%
17592 Lattes
60%
25404 Castelnau-le-Lez
54%
16417 Mauguio
42%
13300 Saint-Jean-de-Védas
41%
13776 Juvignac
38%
12711 Mèze
29%
10406 Villeneuve-lès-Maguelone
24%
10530 Saint-Gély-du-Fesc
19%
Aucun quiz correspondant
Distribution des résultats
% des personnes avec chaque résultat
Percentile par nombre de réponses
Votre historique - résultats
Vous n’avez pas pris ce quiz